00681nam a2200265Ia 450000500170000000800460001702000180006303700100008104000080009104000080009904000080010704100080011504100080012308400080013110000240013924500320016326000230019526000090021836500050022736500080023285600530024094200100029399900210030395200910032420260324133722.0008 260324s9999 xx 000 0 eng d a9781315198255 aEBOOK aCRL beng cCRL 2eng aeng qCRL aPeter James9344693 4aThe German Electoral System bTaylor and Francis c2003 a b170 uhttp://www.taylorfrancis.com/books/9781315198255 cEBOOK c1793480d1793480 00104070aCRLbCRLd2026-03-24l0pCL2075646r2026-03-24 13:37:22w2026-03-24yEBOOK